MARC details
| 000 -LEADER |
| fixed length control field |
02527nam a22005297a 4500 |
| 001 - CONTROL NUMBER |
| control field |
18711401 |
| 005 - DATE AND TIME OF LATEST TRANSACTION |
| control field |
20230515095258.0 |
| 008 - FIXED-LENGTH DATA ELEMENTS--GENERAL INFORMATION |
| fixed length control field |
230515b |||||||| |||| 00| 0 eng d |
| 010 ## - LIBRARY OF CONGRESS CONTROL NUMBER |
| LC control number |
2015947456 |
| 020 ## - INTERNATIONAL STANDARD BOOK NUMBER |
| International Standard Book Number |
9780198758884 (hbk.) |
| 020 ## - INTERNATIONAL STANDARD BOOK NUMBER |
| International Standard Book Number |
019875888X (hbk.) |
| 020 ## - INTERNATIONAL STANDARD BOOK NUMBER |
| International Standard Book Number |
9780198824435 (pbk.) |
| 035 ## - SYSTEM CONTROL NUMBER |
| System control number |
(OCoLC)ocn919186901 |
| 040 ## - CATALOGING SOURCE |
| Original cataloging agency |
YDXCP |
| Language of cataloging |
eng |
| Transcribing agency |
KMU |
| Description conventions |
rda |
| Modifying agency |
KMU |
| 042 ## - AUTHENTICATION CODE |
| Authentication code |
lccopycat |
| 050 00 - LIBRARY OF CONGRESS CALL NUMBER |
| Classification number |
QC 175.47.B65 Pit |
| Item number |
P58 2016 |
| 100 1# - MAIN ENTRY--PERSONAL NAME |
| Personal name |
Pitaevskiĭ, L. P. |
| Fuller form of name |
(Lev Petrovich), |
| Relator term |
author. |
| 240 10 - UNIFORM TITLE |
| Uniform title |
Bose-Einstein condensation |
| 245 10 - TITLE STATEMENT |
| Title |
Bose-Einstein condensation and superfluidity / |
| Statement of responsibility, etc. |
Lev Pitaevskii, Department of Physics, University of Trento and National Institute of Optics, INO-CNR, Italy, Kapitza Institute for Physical Problems, RAS, Moscow, Russia, Sandro Stringari, Department of Physics, University of Trento and National Institute of Optics, INO-CNR, Italy. |
| 250 ## - EDITION STATEMENT |
| Edition statement |
First edition. |
| 264 #1 - PRODUCTION, PUBLICATION, DISTRIBUTION, MANUFACTURE, AND COPYRIGHT NOTICE |
| Place of production, publication, distribution, manufacture |
Oxford, United Kingdom : |
| Name of producer, publisher, distributor, manufacturer |
Oxford University Press, |
| Date of production, publication, distribution, manufacture, or copyright notice |
2016. |
| 264 #4 - PRODUCTION, PUBLICATION, DISTRIBUTION, MANUFACTURE, AND COPYRIGHT NOTICE |
| Date of production, publication, distribution, manufacture, or copyright notice |
©2016 |
| 300 ## - PHYSICAL DESCRIPTION |
| Extent |
xi, 553 pages : |
| Other physical details |
illustrations ; |
| Dimensions |
26 cm. |
| 336 ## - CONTENT TYPE |
| Content type term |
text |
| Content type code |
txt |
| Source |
rdacontent |
| 337 ## - MEDIA TYPE |
| Media type term |
unmediated |
| Media type code |
n |
| Source |
rdamedia |
| 338 ## - CARRIER TYPE |
| Carrier type term |
volume |
| Carrier type code |
nc |
| Source |
rdacarrier |
| 490 1# - SERIES STATEMENT |
| Series statement |
International series of monographs on physics ; |
| Volume/sequential designation |
164 |
| 490 1# - SERIES STATEMENT |
| Series statement |
Oxford science publications |
| 500 ## - GENERAL NOTE |
| General note |
"This is an extended and updated version of the book Bose-Einstein condensation published by Oxford University Press in 2003." --Preface. |
| 504 ## - BIBLIOGRAPHY, ETC. NOTE |
| Bibliography, etc. note |
Includes bibliographical references (pages 527-550) and index. |
| 650 #0 - SUBJECT ADDED ENTRY--TOPICAL TERM |
| Topical term or geographic name entry element |
Bose-Einstein condensation. |
| 650 #0 - SUBJECT ADDED ENTRY--TOPICAL TERM |
| Topical term or geographic name entry element |
Bose-Einstein gas. |
| 650 #0 - SUBJECT ADDED ENTRY--TOPICAL TERM |
| Topical term or geographic name entry element |
Superfluidity. |
| 650 #7 - SUBJECT ADDED ENTRY--TOPICAL TERM |
| Topical term or geographic name entry element |
Bose-Einstein condensation. |
| Source of heading or term |
fast |
| Authority record control number or standard number |
(OCoLC)fst00836775 |
| 650 #7 - SUBJECT ADDED ENTRY--TOPICAL TERM |
| Topical term or geographic name entry element |
Bose-Einstein gas. |
| Source of heading or term |
fast |
| Authority record control number or standard number |
(OCoLC)fst00836776 |
| 650 #7 - SUBJECT ADDED ENTRY--TOPICAL TERM |
| Topical term or geographic name entry element |
Superfluidity. |
| Source of heading or term |
fast |
| Authority record control number or standard number |
(OCoLC)fst01138874 |
| 700 1# - ADDED ENTRY--PERSONAL NAME |
| Personal name |
Stringari, S., |
| Relator term |
author. |
| 830 #0 - SERIES ADDED ENTRY--UNIFORM TITLE |
| Uniform title |
International series of monographs on physics (Oxford, England) ; |
| Volume/sequential designation |
164. |
| 830 #0 - SERIES ADDED ENTRY--UNIFORM TITLE |
| Uniform title |
Oxford science publications. |
| 856 42 - ELECTRONIC LOCATION AND ACCESS |
| Materials specified |
Contributor biographical information |
| Uniform Resource Identifier |
<a href="https://www.loc.gov/catdir/enhancements/fy1614/2015947456-b.html">https://www.loc.gov/catdir/enhancements/fy1614/2015947456-b.html</a> |
| 856 42 - ELECTRONIC LOCATION AND ACCESS |
| Materials specified |
Publisher description |
| Uniform Resource Identifier |
<a href="https://www.loc.gov/catdir/enhancements/fy1614/2015947456-d.html">https://www.loc.gov/catdir/enhancements/fy1614/2015947456-d.html</a> |
| 856 41 - ELECTRONIC LOCATION AND ACCESS |
| Materials specified |
Table of contents only |
| Uniform Resource Identifier |
<a href="https://www.loc.gov/catdir/enhancements/fy1614/2015947456-t.html">https://www.loc.gov/catdir/enhancements/fy1614/2015947456-t.html</a> |
| 906 ## - LOCAL DATA ELEMENT F, LDF (RLIN) |
| a |
7 |
| b |
cbc |
| c |
copycat |
| d |
2 |
| e |
ncip |
| f |
20 |
| g |
y-gencatlg |
| 942 ## - ADDED ENTRY ELEMENTS (KOHA) |
| Source of classification or shelving scheme |
Library of Congress Classification |
| Koha item type |
Non-Fiction |
| Suppress in OPAC |
No |